Statistics for Five Most Popular Songs By Random Artists #1

Click here to take the quiz!

General Stats

  • This quiz has been taken 39 times
  • The average score is 12 of 50

Answer Stats

Answer% Correct
Mr. Blue Sky
60%
Sweet Home Alabama
60%
Californication
57%
Free Bird
49%
London Calling
49%
Party In The U.S.A.
49%
Pompeii
49%
Under The Bridge
49%
Purple Haze
46%
Like A Prayer
43%
Material Girl
43%
Should I Stay Or Should I Go
43%
Rock The Casbah
40%
All Along The Watchtower
37%
Detroit Rock City
37%
I Was Made For Lovin' You
37%
Hey Joe
34%
Rock And Roll All Nite
31%
I Want To Know What Love Is
26%
Simple Man
26%
Don't Bring Me Down
23%
Happier
23%
Juke Box Hero
20%
Can't Stop
17%
Cold As Ice
17%
Hot Blooded
17%
Evil Woman
14%
Gimme Three Steps
14%
La Isla Bonita
14%
Otherside
14%
Voodoo Child (Slight Return)
14%
Malibu
11%
Snow (Hey Oh)
11%
Train In Vain (Stand By Me)
11%
Frozen
9%
Good Grief
9%
Livin' Thing
9%
Waiting For A Girl Like You
9%
Heaven's On Fire
6%
Hung Up
6%
Lick It Up
6%
Little Wing
6%
Prisoner
6%
Tuesday's Gone
6%
Angels Like You
0%
Last Train To London
0%
Nothing Breaks Like A Heart
0%
Police & Thieves
0%
Revolution
0%
Run Into Trouble
0%

Score Distribution

Percentile by Number Answered

Percent of People with Each Score

Your Score History

You have not taken this quiz